000 00657nam a2200229Ia 4500
003 OSt
005 20220927105618.0
006 a|||||r|||| 00| 0
007 ta
008 220926b |||||||| |||| 00| 0 eng d
024 _a191299
037 _cReference Collections
040 _aRTL
_cRTL
_beng
041 _2eng
_aeng
082 _a"Z.1n1N45.P01, UN"
110 _aUNITED NATIONS
245 0 _aYearbook of the International Law Commission. V2.
260 _aNew
_bYork United Nations
_c2001
700 _aUNITED NATIONS
942 _h"Z.1n1N45.P01, UN"
_cCC
999 _c693391
_d693391